Use case modeling
Uloženo v:
| Hlavní autor: | |
|---|---|
| Médium: | Kniha |
| Jazyk: | Undetermined |
| Vydáno: |
Boston, MA
Addison-Wesley
2003
|
| Témata: | |
| Tagy: |
Přidat tag
Žádné tagy, Buďte první, kdo otaguje tento záznam!
|
| Thư viện lưu trữ: | Trung tâm Học liệu Trường Đại học Cần Thơ |
|---|
| LEADER | 00479nam a2200169Ia 4500 | ||
|---|---|---|---|
| 001 | CTU_56310 | ||
| 008 | 210402s9999 xx 000 0 und d | ||
| 082 | |a 004.2'1 | ||
| 082 | |b B624 | ||
| 100 | |a Kurt Bittner | ||
| 245 | 0 | |a Use case modeling | |
| 245 | 0 | |c Kurt Bittner and Ian Spence | |
| 260 | |a Boston, MA | ||
| 260 | |b Addison-Wesley | ||
| 260 | |c 2003 | ||
| 650 | |a system design,use cases ( systems engineering ) | ||
| 980 | |a Trung tâm Học liệu Trường Đại học Cần Thơ | ||